Světová literatura. Roč.28, č.1-3, 1983 Revue zahraničních literatur

Podrobná bibliografia
Médium: Kniha
Jazyk:neznámy jazyk
Vydavateľské údaje: Praha Odeon 1983

MARC

LEADER 00000nam a2200000 a 4500
001 vtls001268542
003 SK-MaSNL
005 20260223123910.0
008 210928s1983 xx 0 und
035 |a SNK000219550 
040 |a SNK  |b slo  |c SNK  |e AACR2 
245 1 |a Světová literatura. Roč.28, č.1-3, 1983  |b Revue zahraničních literatur 
260 |a Praha  |b Odeon  |c 1983 
958 |a OND 
999 |c 540697  |d 542627 
952 |t P60, <06>, [BOOK], {606}  |a SNK  |b SNK  |y PREZ  |7 0  |p 17A0023104  |o snkČC 791/28/1/1983  |0 0  |1 1  |4 0  |d 1996-12-02  |l 0  |r 2005-01-01 00:00:00  |w 2026-02-23